000 00694nam a22001817a 4500
003 UA-OsUOA
001 15797
007 ta
008 20031208b un ||||| |||| 00| 0 ukr d
100 _aКостюк М.
942 _cSA
040 _aUA-OsUOA
_cUA-OsUOA
_dUA-OsUOA
245 _a"Ризикуємо заради порятунку"
_b[Розмова з начальником упр. пожеж. безпеки та аврій.- рятув. робіт МНС України в Рівнен. обл. М.Костюком]
300 _aС.3
955 _a0
773 0 _w0
_tЗакон. Право
_dРівне
_d2003
_g№20/Жовт./
650 7 _aКраєзнавча робота
_2UDC
999 _c301962
_d301962